000 00603nam a2200217Ia 4500
008 160319s9999 xx 000 0 und d
020 _a9712710300
050 _aFil 899.2104
050 _bSe84 2000
245 _aSeven in the eye of history /
245 _cedited by Asuncion David-Maramba.
260 _aPasig City :
260 _bAnvil Pub. Inc
260 _c2000
300 _axi, 439 pages :
300 _billustrations :
300 _c22 cm.
650 _aMen and women in Philippine history.
650 _aPhilippines -- History -- Essays.
700 _aMaramba, Asuncion D., ed.
999 _c292343
_d292343